Score 0/50 Timer 07:00
16 Plays Today
% Correct
Friday
95%
Empire
94.9%
9
94.8%
Blue
94.6%
Bull
94.1%
Bandit
93.5%
You
93.5%
Daughter
92.9%
Man
92.6%
Final
92.6%
Blues
92.1%
Flash
91.9%
Roam
91.8%
People
91.7%
Night
91.4%
Crazy
90.8%
Cheech
90.8%
American
90.5%
Cowboy
86%
Heaven's
85.4%
Cars
85.2%
Gods
84.9%
States
83.4%
Jazz
83.3%
Little
82.2%
% Correct
Dressed
81.6%
Seems
80.5%
Billy
80.2%
Somewhere
77.3%
City
76.9%
Mirror
76.4%
Titanic
75.9%
Rose
74%
Eaten
73.9%
Bananas
71.6%
My
71.4%
Melvin
66.9%
Red
61.2%
Train
60.7%
Humanoids
58.3%
Stunt
55.4%
Good
55.2%
Hollywood
52%
Motel
51.2%
Morant
49.5%
Stardust
47.4%
Nude
39.5%
Long
37.4%
Tom
35.7%
Metro
23.8%

You're not logged in!

Compare scores with friends on all Sporcle quizzes.
OR
Log In

Sporcle TV

Today on Sporcle TV


Watch our educational content, quiz creation guides, and fun videos on Sporcle TV.

Show Comments

Extras

Top Quizzes Today


Score Distribution

Your Account Isn't Verified!

In order to create a playlist on Sporcle, you need to verify the email address you used during registration. Go to your Sporcle Settings to finish the process.

Report this User

Report this user for behavior that violates our Community Guidelines.

Details: